Que haya pan /

Guardado en:
Autor Principal: Kibss, Peter
Formato: Libro
Publicado: Argentina : Sudamericana, 1950
Materias:
Etiquetas: Agregar Etiqueta
Sin Etiquetas, Sea el primero en etiquetar este registro!
LEADER 00713nam a22001935a 4500
001 CEM.cems003586
005 19000101000000.0
008 130507s1950##################000#0#####d
003 CEMS
082 0 4 |a 339.47 
100 1 |a Kibss, Peter 
245 1 0 |a Que haya pan / 
260 |a Argentina :  |b Sudamericana,  |c 1950 
300 |a 71 p. 
505 0 |a Organizacion mundial; Instituciones internacionales de credito creadas por la conferencia de Bretton Woods; Instituciones internacionales de credito creadas despues de la conferencia de Bretton Woods. BIBLIOGRAFIA: pp. 107-108 
653 |a Alimentacion 
653 |a Alimentacion-control 
653 |a Hambre 
859 |a CEMS  |b BIB. CEMS - 11 de abril  |h 339.47  |i K533  |p 4838.76  |t Ej.1